| 000 | 00680nam a22002177a 4500 | ||
|---|---|---|---|
| 999 |
_c14927 _d14927 |
||
| 003 | AR-CdUCM | ||
| 008 | 190425b ||||| |||| 00| 0 spa d | ||
| 020 | _a978-612-4163-71-5 | ||
| 040 |
_aMUNICIPALIDAD PROVINCIAL DEL CUSCO _cBIBLIOTECA MUNICIPAL DEL CUSCO |
||
| 082 |
_aPI / 803 / _bP33 |
||
| 100 |
_aHermanos Paz _926746 |
||
| 245 |
_aCosas jocosas : _bLa familia palillo, La lata maraca / |
||
| 260 |
_aLima : _bEdic. SM. SAC. _c2013. |
||
| 300 |
_bIlustraciones, _c21 cm. _eCD. |
||
| 500 | _aEncuadernación inversa / | ||
| 650 |
_aLiteratura infantil _9588 |
||
| 650 |
_aCuento _94671 |
||
| 650 |
_aCanción _933307 |
||
| 942 |
_2ddc _cLIBROS |
||
| 945 |
_arjall _d2019-04-25 |
||